Obce okresu Znojmo - Statistics

General Stats
  • This quiz has been taken 73 times
  • The average score is 64 of 144
Answer Stats
Počet obyvatel Odpověď % Correct
34 160 Znojmo
100%
3 396 Hrušovany nad Jevišovkou
86%
843 Vranov nad Dyjí
86%
1 150 Jevišovice
75%
3 100 Miroslav
75%
5 707 Moravský Krumlov
75%
1 168 Šatov
75%
1 430 Hevlín
71%
937 Dyjákovice
64%
1 810 Nový Šaldorf-Sedlešovice
64%
532 Olbramkostel
64%
595 Dyjákovičky
61%
500 Dyje
61%
1 786 Hodonice
61%
137 Šafov
61%
533 Slup
61%
380 Uherčice
61%
136 Bítov
57%
1 591 Božice
57%
2 315 Dobšice
57%
210 Grešlové Mýto
57%
1 254 Jaroslavice
57%
1 693 Šanov
57%
622 Šumná
57%
1 420 Tasovice
57%
622 Citonice
54%
632 Horní Dunajovice
54%
880 Hrabětice
54%
458 Jiřice u Miroslavi
54%
570 Lechovice
54%
54 Podhradí nad Dyjí
54%
372 Pravice
54%
1 393 Suchohrdly
54%
513 Suchohrdly u Miroslavi
54%
120 Trnové Pole
54%
1 272 Vrbovec
54%
291 Bantice
50%
679 Bohutice
50%
809 Břežany
50%
688 Chvalovice
50%
851 Hluboké Mašůvky
50%
293 Horní Kounice
50%
922 Hrádek
50%
56 Jiřice u Moravských Budějovic
50%
587 Kravsko
50%
898 Kuchařovice
50%
1 155 Olbramovice
50%
805 Práče
50%
868 Prosiměřice
50%
315 Stošíkovice na Louce
50%
561 Tavíkovice
50%
423 Velký Karlov
50%
1 055 Višňové
50%
382 Běhařovice
46%
1 214 Blížkovice
46%
235 Čejkovice
46%
473 Dolní Dubňany
46%
306 Havraníky
46%
354 Hnanice
46%
286 Horní Dubňany
46%
394 Hostim
46%
773 Jezeřany-Maršovice
46%
110 Křepice
46%
146 Kyjovice
46%
210 Lančov
46%
250 Lesná
46%
494 Litobratřice
46%
204 Našiměřice
46%
499 Pavlice
46%
231 Starý Petřín
46%
910 Vedrovice
46%
693 Vémyslice
46%
292 Vranovská Ves
46%
281 Vratěnín
46%
1 647 Hostěradice
43%
619 Krhovice
43%
388 Mackovice
43%
351 Miroslavské Knínice
43%
667 Oleskovice
43%
76 Onšov
43%
160 Podmolí
43%
418 Valtrovice
43%
82 Blanné
39%
107 Chvalatice
39%
381 Damnice
39%
264 Dobelice
39%
132 Dolenice
39%
261 Horní Břečkov
39%
453 Jamolice
39%
152 Korolupy
39%
244 Křídlůvky
39%
85 Němčičky
39%
381 Petrovice
39%
385 Plenkovice
39%
115 Podmyče
39%
100 Prokopov
39%
452 Rybníky
39%
235 Slatina
39%
112 Stálky
39%
1 299 Únanov
39%
320 Vítonice
39%
194 Vracovice
39%
176 Výrovice
39%
160 Zálesí
39%
40 Zblovice
39%
179 Bojanovice
36%
421 Borotice
36%
56 Lubnice
36%
200 Milíčovice
36%
176 Rozkoš
36%
172 Střelice
36%
520 Trstěnice
36%
69 Vevčice
36%
86 Vysočany
36%
315 Želetice
36%
353 Žerotice
36%
279 Žerůtky
36%
190 Boskovštejn
32%
278 Ctidružice
32%
406 Dobřínsko
32%
147 Kadov
32%
650 Mikulovice
32%
68 Oslnovice
32%
1 019 Strachotice
32%
172 Kubšice
29%
548 Mašovice
29%
465 Plaveč
29%
104 Přeskače
29%
329 Rešice
29%
200 Tulešice
29%
420 Tvořihráz
29%
259 Lukov
25%
103 Rudlice
25%
701 Štítary
25%
621 Těšetice
25%
100 Čermárkovice
21%
168 Medlice
21%
219 Morašice
21%
256 Lesonice
18%
155 Černín
14%
220 Bezkov
7%
135 Džbánice
7%
88 Újezd
7%
523 Skalice
4%
No matching quizzes found
Score Distribution
Percent of People with Each Score
Percentile by Number Answered
Your Score History
You have not taken this quiz